000 00622aab a2200193 4500
001 768714001
003 CO-MdFUSB
005 20240613110823.0
008 170523s1999 cr ||||| |||| 00| 0 spa d
022 _a1409-1968
040 _aCO-MdFUSB
_bspa
_cCO-MdFUSB
_dCO-MdFUSB
041 _aspa
100 1 _aLoritts Jr., Crawford
_eautor
245 1 0 _aDiez pasos para ser un mejor padre
_c/ Crawford Loritts Jr.
300 _aVolumen 17. Número 1 (1999), páginas 26-27
_c: 27 cm.
773 0 _tApuntes Pastorales
_049442
_960187
_gVolumen 17. Número 1 (1999), páginas 26-27
_qPágina 26
942 _cANA
945 _aJTF-925
999 _c59827
_d59827